Coastal and ocean engineering practice
Salvato in:
| Autore principale: | |
|---|---|
| Natura: | Libro |
| Lingua: | inglese |
| Pubblicazione: |
Danvers
World Scientific
2012
|
| Edizione: | 1a. ed |
| Serie: | Series on Coastal and Ocean Engineering Practice, 1
|
| Soggetti: | |
| Tags: |
Aggiungi Tag
Nessun Tag, puoi essere il primo ad aggiungerne!!
|
MARC
| LEADER | 00000cam a2200000 a 4500 | ||
|---|---|---|---|
| 001 | UCC0287 | ||
| 003 | CL-VaPUC | ||
| 008 | 170728e20120000us |||||||||||||||||eng|d | ||
| 020 | |a 9789814360562 | ||
| 020 | |a 9814360562 | ||
| 082 | 0 | 4 | |a 627.58 |b KIM |2 21 |
| 100 | 0 | |a Kim, Young C |e author |9 594200 | |
| 245 | 1 | 0 | |a Coastal and ocean engineering practice |
| 250 | |a 1a. ed | ||
| 300 | |a 366 p | ||
| 942 | |c BK | ||
| 945 | |d 20170728 13:21:00 |a arojas | ||
| 260 | |a Danvers |b World Scientific |c 2012 | ||
| 650 | 0 | |a Costas |9 261336 | |
| 650 | 7 | |a INGENIERIA COSTERA |2 CL-VaPUC |9 555283 | |
| 650 | 0 | |a Zonas costeras |x Gestión |9 555284 | |
| 650 | 7 | |a PROTECCION DE LA COSTA |2 CL-VaPUC |9 555285 | |
| 583 | |a last modification |c 20170728 13:21:00 |k Rodrigo Vera | ||
| 490 | 0 | |a Series on Coastal and Ocean Engineering Practice, 1 | |
| 999 | |c 369156 |d 369154 | ||
| 952 | |0 0 |1 0 |3 erd |4 0 |6 627_580000000000000_KIM_2012 |7 0 |8 CCM |9 484736 |a BIBCUR |b BIBCUR |i 5411580 |l 1 |o 627.58 KIM 2012 |p 5411580 |r 2025-04-22 |s 2020-03-13 |w 2019-11-24 |y BK |z Catalogado en:20170728 |k CIM | ||
| 952 | |0 0 |1 0 |3 erd |4 0 |6 627_580000000000000_KIM_2012 |7 0 |8 CCM |9 484737 |a BIBCUR |b BIBCUR |i 5411599 |o 627.58 KIM 2012 |p 5411599 |r 2025-04-22 |w 2019-11-24 |y BK |z Catalogado en:20170728 |k CIM | ||